00983nam a22002777a 450000500170000001000780001702000260009502000270012103500140014803500140016203500140017603500140019003700130020408200130021710000230023024501620025325000060041526000440042127000550046530000320052030000320055270000310058470000300061570000280064570000320067320231226165138.0 aB-747379 E.N.A./7.11.22 EN-138615 ENG-138755 ENG-138757 a9789390897766c595.00 a9789390897773c1595.00 aB-747379  aEN-122147 aEN-122289 aEN-122287 bDBAD/PUB a155.421 aReddy, K. Srinivas aUnderstanding Children in Inclusive Context/cBy K. Srinivas Reddy, Premananda Mishra and P. Venkata Chary and Edited By Himangshu Das And Kamalakant Pandey a1 aNew DelhibNeelkamal Publicationsc2022 a4764/1, 23, Ansari Road, Daryaganj,bDelhie110002 axxx,428p.bIndexc24cm(pbk) axxx,428p.bIndexc25cm(pbk) aMishra, PremanandaeAuthor aChary. P. VenkataeAuthor aDas, Himangshu eEditor aPandey, Kamalakant eEditor